[Event "SWE-chT 0405"]
[Site "Sweden"]
[Date "2005.??.??"]
[Round "7"]
[White "Engqvist, Thomas"]
[Black "Ericsson, Tor"]
[Result "1-0"]
[WhiteElo "2424"]
[BlackElo "1935"]
[PlyCount "127"]
[EventDate "2004.11.05"]
[EventType "team-tourn"]
[EventRounds "11"]
[EventCountry "SWE"]
[SourceTitle "EXT 2006"]
[Source "ChessBase"]
[SourceDate "2005.11.24"]
[SourceVersion "1"]
[SourceVersionDate "2005.11.24"]
[SourceQuality "1"]
[WhiteTeam "Stockholm Rockaden"]
[BlackTeam "Passanten"]
[WhiteTeamCountry "SWE"]
[BlackTeamCountry "SWE"]

1. d4 d5 2. c4 e6 3. Nc3 Nf6 4. Bg5 Be7 5. e3 0-0 6. Nf3 Nbd7 7. Rc1 a6 8. cxd5 exd5 9. Bd3 c6 10. Qc2 Re8 11. 0-0 Ne4 12. Bxe4 Bxg5 13. Bxh7+ Kh8 14. Bd3 g6 15. Nxg5 Qxg5 16. f4 Qh6 17. Rf3 Nf6 18. h3 Kg7 19. g4 Bxg4 20. hxg4 Nxg4 21. Bf1 Nxe3 22. Qh2 Qxh2+ 23. Kxh2 Nf5 24. Rd1 Rh8+ 25. Bh3 Rae8 26. Kg1 Kf6 27. Kf2 Rh4 28. Ne2 Re7 29. Ng1 Re4 30. Ne2 Re6 31. Rfd3 Rh8 32. Rh1 Rhe8 33. Bg4 Rd8 34. Bxf5 Kxf5 35. Re3 Rxe3 36. Kxe3 Re8+ 37. Kf3 Kf6 38. Ng3 Re7 39. Rh8 Kg7 40. Rb8 Kf6 41. Ne2 Kf5 42. Nc3 f6 43. Nd1 Ke6 44. Ne3 Rh7 45. Kg4 f5+ 46. Kg3 Kf6 47. Ng2 Re7 48. Nh4 g5 49. fxg5+ Kxg5 50. Rg8+ Kf6 51. Rf8+ Kg7 52. Rxf5 Re2 53. Rf2 Re3+ 54. Kf4 Re1 55. Kg5 Rg1+ 56. Rg2 Rf1 57. Nf5+ Kf7 58. Nd6+ Ke7 59. Nxb7 Rd1 60. Re2+ Kd7 61. Nc5+ Kc8 62. Kf6 a5 63. Re8+ Kc7 64. Re7+ 1-0